Copyright enforcement in India: (Record no. 29820)

MARC details
000 -LEADER
fixed length control field 00941nam a22002417a 4500
005 - DATE AND TIME OF LATEST TRANSACTION
control field 20090831110528.0
008 - FIXED-LENGTH DATA ELEMENTS--GENERAL INFORMATION
fixed length control field 090831t xxu||||| |||| 00| 0 eng d
010 ## - LCCN (DPL NO)
LC control number ENG-94991
020 ## - INTERNATIONAL STANDARD BOOK NUMBER
International Standard Book Number 9788190644594
Terms of availability 595.00
020 ## - INTERNATIONAL STANDARD BOOK NUMBER
International Standard Book Number 8190644599
Terms of availability 595.00
035 ## - SYSTEM CONTROL NUMBER
System control number EN-78524
037 ## - SOURCE OF ACQUISITION
Source of stock number/acquisition DBAD / PUB
040 ## - CATALOGING SOURCE
Original cataloging agency dpl
Language of cataloging English
082 ## - DEWEY DECIMAL CLASSIFICATION NUMBER
Classification number 346.540482
100 ## - MAIN ENTRY--PERSONAL NAME
Personal name Srivastav, V.P.
245 ## - TITLE STATEMENT
Title Copyright enforcement in India:
Remainder of title issues and challenges /
Statement of responsibility, etc by V.P. Srivastav
260 ## - PUBLICATION, DISTRIBUTION, ETC. (IMPRINT)
Place of publication, distribution, etc New Delhi
Name of publisher, distributor, etc Aroo Publications
Date of publication, distribution, etc 2008
270 ## - ADDRESS
Address 9, Daryaganj, Near Telephone Office
City New Delhi
Postal code 110002
300 ## - PHYSICAL DESCRIPTION
Extent xiii, 537p.
Dimensions 24cm(Hb)
500 ## - GENERAL NOTE
General note Includes bibliographical references and index
942 ## - ADDED ENTRY ELEMENTS (KOHA)
Source of classification or shelving scheme Dewey Decimal Classification
Item type English Books
Call number suffix SRI
Classification part 346.540482
Holdings
Withdrawn status Lost status Source of classification or shelving scheme Damaged status Not for loan Collection code Home library Current library Date acquired Source of acquisition Cost, normal purchase price Total Checkouts Full call number Barcode Date last seen Copy number Cost, replacement price Koha item type
    Dewey Decimal Classification   Not For Loan Non-fiction D.B.Act.Division D.B.Act.Division 31/08/2009 DBAD / PUB 595.00   346.540482 SRI EN-78524 31/08/2009 1 595.00 English Books

© Delhi Public Library
Hit Counter
free hit counter